000 00849nam a2200289 a 4500
001 20142
003 VRT
005 20260117115628.0
008 000508s1956 cs a gr 000 m slo c
035 _aSAVUKc060677
039 9 _a201703031113
_bAUTHORITY
040 _aSAVUK
_bslo
_cSNK
_eAACR2
041 1 _aslo
044 _acs
_cCS
080 _a391 (437.6 Heľpa+Pohorelá)
100 1 _aNosáľová, Viera,
_d1930-
245 1 0 _aĹudový odev v Heľpe a v Pohorelej
_cViera Nosáľová
250 _aVyd. 1.
260 _aBratislava
_bSlovenské vydavateľstvo krásnej literatúry
_c1956
300 _a209 s.
_bfotogr
490 1 _aKnižnica ľudového umenia
_v7. sväzok
504 _aLit., res.
830 0 _aKnižnica ľudového umenia
_v7. sväzok
910 _asavuk
942 _2ddc
_cOLDO
_n0
949 _62889009818
_asavukC 17473
999 _c20142
_d20142